[Event "EU-ch (Women) 23rd"]
[Site "Petrovac"]
[Date "2023.03.25"]
[Round "7"]
[White "Lomaia, Diana"]
[Black "Ivekovic, Tihana"]
[Result "1/2-1/2"]
[WhiteElo "1950"]
[BlackElo "2132"]
[PlyCount "111"]
[EventDate "2023.03.18"]
[EventType "swiss"]
[EventRounds "11"]
[EventCountry "MNE"]
[SourceTitle "CBM 213 Extra"]
[Source "ChessBase"]
[SourceDate "2023.05.31"]
[SourceVersion "1"]
[SourceVersionDate "2023.05.31"]
[SourceQuality "1"]

1. d4 Nf6 2. c4 e6 3. Nc3 Bb4 4. Nf3 b6 5. Qb3 c5 6. dxc5 Bxc5 7. Bf4 Nc6 8. e3 0-0 9. Rd1 Bb7 10. Be2 Be7 11. 0-0 Rc8 12. Qc2 Nh5 13. Bd6 Bxd6 14. Rxd6 Qe7 15. Rfd1 Rfd8 16. a3 Nf6 17. b4 Ne8 18. R6d2 d6 19. h3 h6 20. Qb3 Qc7 21. Bf1 Ne7 22. e4 a6 23. Rc2 Qb8 24. Nd4 Nf6 25. f3 d5 26. cxd5 exd5 27. exd5 Nexd5 28. Nxd5 Bxd5 29. Rxc8 Qxc8 30. Qc2 Qxc2 31. Nxc2 Rc8 32. Ne3 Bb7 33. Nc4 b5 34. Nd6 Rd8 35. Be2 Bc6 36. Nf5 Rxd1+ 37. Bxd1 Kf8 38. Nd4 Bd7 39. Bb3 Ke7 40. Kf2 Ne8 41. Ke3 Nd6 42. Kd3 g6 43. Bd5 Kd8 44. Nb3 Kc7 45. Nc5 Bc8 46. f4 f6 47. Ne6+ Bxe6 48. Bxe6 Nf5 49. Bf7 Ne7 50. Ke4 Kd6 51. g4 g5 52. fxg5 hxg5 53. Bb3 Kc6 54. Bf7 Kd6 55. Bb3 Kc6 56. Bf7 1/2-1/2

[Event "EU-ch (Women) 22nd"]
[Site "Prague"]
[Date "2022.08.31"]
[Round "11"]
[White "Pavlidou, Ekaterini"]
[Black "Lomaia, Diana"]
[Result "1/2-1/2"]
[WhiteElo "2158"]
[BlackElo "1955"]
[PlyCount "92"]
[EventDate "2022.08.20"]
[EventType "swiss"]
[EventRounds "11"]
[EventCountry "CZE"]
[SourceTitle "CBM 209 Extra"]
[Source "ChessBase"]
[SourceDate "2022.09.30"]
[SourceVersion "1"]
[SourceVersionDate "2022.09.30"]
[SourceQuality "1"]

1. d4 Nf6 2. Bf4 d5 3. e3 e6 4. Nd2 Bd6 5. Bg3 c5 6. c3 Bxg3 7. hxg3 b6 8. Bd3 Bb7 9. f4 c4 10. Bc2 b5 11. Qf3 Qc7 12. Nh3 Nc6 13. Nf2 0-0-0 14. g4 h6 15. a3 Kb8 16. 0-0-0 Nd7 17. g5 hxg5 18. fxg5 f6 19. g6 a5 20. g4 b4 21. Rh7 Rhg8 22. Nh3 Qd6 23. axb4 axb4 24. e4 bxc3 25. Qxc3 Nb6 26. Kb1 Na7 27. e5 fxe5 28. dxe5 Qc6 29. Nf3 Nb5 30. Qe3 c3 31. Nd4 Qc5 32. Qd3 Nc4 33. Nxb5 Qxb5 34. Qxc3 d4 35. Qb3 Qxb3 36. Bxb3 Be4+ 37. Ka2 Bxg6 38. Rh4 Kc7 39. Ba4 Nxe5 40. Nf4 Bf7 41. g5 Kb6 42. Rh3 Ng6 43. Rb3+ Ka7 44. Ra3 Kb6 45. Rb3+ Ka7 46. Ra3 Kb6 1/2-1/2

[Event "EU-ch (Women) 22nd"]
[Site "Prague"]
[Date "2022.08.29"]
[Round "9"]
[White "Kubicka, Anna"]
[Black "Lomaia, Diana"]
[Result "1/2-1/2"]
[WhiteElo "2237"]
[BlackElo "1955"]
[PlyCount "113"]
[EventDate "2022.08.20"]
[EventType "swiss"]
[EventRounds "11"]
[EventCountry "CZE"]
[SourceTitle "CBM 209 Extra"]
[Source "ChessBase"]
[SourceDate "2022.09.30"]
[SourceVersion "1"]
[SourceVersionDate "2022.09.30"]
[SourceQuality "1"]

1. e4 c5 2. Nf3 g6 3. d4 cxd4 4. Qxd4 Nf6 5. Nc3 Nc6 6. Qa4 d6 7. e5 dxe5 8. Nxe5 Bd7 9. Nxd7 Qxd7 10. Bb5 Rc8 11. 0-0 a6 12. Bd3 Bg7 13. h3 0-0 14. Rd1 Qc7 15. Qh4 Rfd8 16. Be3 b5 17. a3 e5 18. Bg5 Rd4 19. Ne4 Nxe4 20. Bxe4 f5 21. Rxd4 Nxd4 22. Bd5+ Kh8 23. c3 Qd7 24. Ba2 Ne6 25. Bxe6 Qxe6 26. Rd1 Kg8 27. Qb4 Bf8 28. Qa5 h6 29. Be3 f4 30. Ba7 e4 31. Qb6 Rc6 32. Qd8 Rc8 33. Qd7 Re8 34. Qxe6+ Rxe6 35. Bb8 g5 36. Kf1 Kf7 37. Ke2 Bc5 38. Rd5 Bb6 39. Be5 Kg6 40. f3 Kf5 41. Bd4+ Kg6 42. fxe4 Rxe4+ 43. Kf3 Re6 44. Bxb6 Rxb6 45. Ke4 Re6+ 46. Re5 Rd6 47. a4 bxa4 48. Ra5 Rb6 49. Rxa4 Rxb2 50. Rxa6+ Kh5 51. Kf3 Rc2 52. Rc6 Rd2 53. Rc5 Rc2 54. Rc8 Rd2 55. Rc6 Rc2 56. Rc4 Rc1 57. Rc6 1/2-1/2

[Event "Titled Tuesday intern op 31st May Late"]
[Site "Chess.com INT"]
[Date "2022.05.31"]
[Round "5"]
[White "Lomaia, Diana"]
[Black "Ibarra Jerez, Jose Carlos"]
[Result "0-1"]
[WhiteElo "1846"]
[BlackElo "2570"]
[PlyCount "42"]
[EventDate "2022.05.31"]
[EventType "swiss (blitz)"]
[EventRounds "11"]
[EventCountry "USA"]
[SourceTitle "CBM 208 Extra"]
[Source "ChessBase"]
[SourceDate "2022.07.31"]
[SourceVersion "1"]
[SourceVersionDate "2022.07.31"]
[SourceQuality "1"]

1. d4 Nf6 2. c4 d6 3. Nf3 g6 4. g3 Bf5 5. Bg2 Bg7 6. 0-0 0-0 7. Nc3 Ne4 8. Qb3 Nxc3 9. Qxc3 Be4 10. Qb3 b6 11. Be3 Nc6 12. Rfd1 Na5 13. Qc3 c5 14. a3 Rc8 15. b3 b5 16. Rac1 bxc4 17. b4 Nb3 18. Rc2 Bxf3 19. Bxf3 cxd4 20. Bxd4 Nxd4 21. Rcd2 Nxe2+ 0-1

[Event "Titled Tuesday intern op 31st May Late"]
[Site "Chess.com INT"]
[Date "2022.05.31"]
[Round "7"]
[White "Sargsyan, Anna M"]
[Black "Lomaia, Diana"]
[Result "0-1"]
[WhiteElo "2378"]
[BlackElo "1846"]
[PlyCount "64"]
[EventDate "2022.05.31"]
[EventType "swiss (blitz)"]
[EventRounds "11"]
[EventCountry "USA"]
[SourceTitle "CBM 208 Extra"]
[Source "ChessBase"]
[SourceDate "2022.07.31"]
[SourceVersion "1"]
[SourceVersionDate "2022.07.31"]
[SourceQuality "1"]

1. d4 Nf6 2. c4 b6 3. f3 Bb7 4. e4 g6 5. Nc3 Bg7 6. Be2 0-0 7. Nh3 d6 8. 0-0 Nc6 9. Be3 e5 10. dxe5 dxe5 11. Nd5 Nxd5 12. cxd5 Nd4 13. Rc1 Rc8 14. Bxd4 exd4 15. Bb5 f5 16. Bc6 Ba6 17. Re1 fxe4 18. fxe4 Qh4 19. e5 d3 20. e6 Qd4+ 21. Kh1 d2 22. e7 dxe1Q+ 23. Qxe1 Rfe8 24. Qe6+ Kh8 25. Ng5 h6 26. Qxg6 hxg5 27. Qh5+ Kg8 28. Bxe8 Qf6 29. Re1 Be2 30. Qg6 Qf2 31. Rb1 Bd3 32. Qe6+ Kh7 0-1

[Event "Titled Tuesday intern op 10th May Early"]
[Site "Chess.com INT"]
[Date "2022.05.10"]
[Round "1"]
[White "Lomaia, Diana"]
[Black "Rohit, Krishna S"]
[Result "0-1"]
[WhiteElo "1846"]
[BlackElo "2337"]
[PlyCount "54"]
[EventDate "2022.05.10"]
[EventType "swiss (blitz)"]
[EventRounds "11"]
[EventCountry "USA"]
[SourceTitle "CBM 208 Extra"]
[Source "ChessBase"]
[SourceDate "2022.07.31"]
[SourceVersion "1"]
[SourceVersionDate "2022.07.31"]
[SourceQuality "1"]

1. d4 c5 2. d5 Nf6 3. Nc3 g6 4. e4 d6 5. Nf3 Bg7 6. Bc4 0-0 7. 0-0 a6 8. a4 Nbd7 9. Re1 Rb8 10. Bf4 Nh5 11. Bg3 Nxg3 12. hxg3 Qa5 13. Qd2 Qb4 14. Qd3 Qxb2 15. Ne2 b5 16. axb5 axb5 17. Ba2 c4 18. Qe3 Ra8 19. Reb1 Rxa2 20. Rxb2 Rxa1+ 21. Kh2 Bxb2 22. Ned4 Ne5 23. Nxe5 dxe5 24. Nxb5 Bd7 25. Nc7 Bd4 26. Qe2 Rc8 27. Qxc4 Ra7 0-1

[Event "Titled Tuesday intern op 18th Jan"]
[Site "Chess.com INT"]
[Date "2022.01.18"]
[Round "3"]
[White "Antonova, Nadezhda"]
[Black "Lomaia, Diana"]
[Result "0-1"]
[WhiteElo "1842"]
[BlackElo "1940"]
[PlyCount "86"]
[EventDate "2022.01.18"]
[EventType "swiss (blitz)"]
[EventRounds "11"]
[EventCountry "USA"]
[SourceTitle "CBM 206 Extra"]
[Source "ChessBase"]
[SourceDate "2022.03.31"]
[SourceVersion "1"]
[SourceVersionDate "2022.03.31"]
[SourceQuality "1"]

1. Nf3 Nf6 2. b3 g6 3. Bb2 Bg7 4. g3 b6 5. Bg2 Bb7 6. c4 0-0 7. 0-0 d6 8. d4 Nc6 9. Nc3 e5 10. e4 exd4 11. Nxd4 Nxd4 12. Qxd4 Nxe4 13. Qd3 Nc5 14. Qc2 Bxg2 15. Kxg2 Re8 16. Rfe1 Qd7 17. Nd5 c6 18. Bxg7 cxd5 19. Bb2 f6 20. Bxf6 Qf7 21. Bb2 dxc4 22. Qc3 Qd5+ 23. Kg1 Re5 24. bxc4 Qe6 25. Re3 Re8 26. Rae1 Na4 27. Qb3 Nxb2 28. Qxb2 Qxc4 29. Rxe5 dxe5 30. Rxe5 Rxe5 31. Qxe5 Qxa2 32. h4 Qf7 33. g4 h6 34. Qb8+ Kh7 35. Qe5 a5 36. Qb5 Qc7 37. h5 gxh5 38. Qf5+ Kg7 39. gxh5 Qc1+ 40. Kg2 Qg5+ 41. Qxg5+ hxg5 42. Kg3 a4 43. Kg4 Kh6 0-1

[Event "Titled Tuesday intern op 18th Jan"]
[Site "Chess.com INT"]
[Date "2022.01.18"]
[Round "10"]
[White "Gvanceladze, Anna"]
[Black "Lomaia, Diana"]
[Result "0-1"]
[WhiteElo "2196"]
[BlackElo "1940"]
[PlyCount "88"]
[EventDate "2022.01.18"]
[EventType "swiss (blitz)"]
[EventRounds "11"]
[EventCountry "USA"]
[SourceTitle "CBM 206 Extra"]
[Source "ChessBase"]
[SourceDate "2022.03.31"]
[SourceVersion "1"]
[SourceVersionDate "2022.03.31"]
[SourceQuality "1"]

1. e4 c5 2. Nf3 Nc6 3. Nc3 e5 4. Bb5 d6 5. 0-0 Nge7 6. a3 g6 7. d3 Bg7 8. Bg5 f6 9. Be3 Be6 10. Qd2 0-0 11. Rab1 a6 12. Bc4 Bxc4 13. dxc4 Nd4 14. Ne1 f5 15. Bg5 Bf6 16. Bxf6 Rxf6 17. f3 b5 18. Nd5 Nxd5 19. cxd5 fxe4 20. c3 e3 21. Qxe3 Nf5 22. Qd2 c4 23. Nc2 Qb6+ 24. Kh1 Raf8 25. Rbe1 g5 26. Ne3 Nxe3 27. Qxe3 Qxe3 28. Rxe3 Rf4 29. g3 R4f5 30. h3 h5 31. Kg2 Kg7 32. Ra1 g4 33. hxg4 hxg4 34. a4 Rxf3 35. Rxf3 gxf3+ 36. Kf2 e4 37. axb5 axb5 38. Ke3 Re8 39. Ra6 Kf6 40. Rxd6+ Ke5 41. Rb6 Rf8 42. Kf2 e3+ 43. Kxe3 f2 44. Rxb5 f1Q 0-1